000 01194nam a22002537a 4500
005 20240530110953.0
008 221218s2022 ua af f b 000 0 ara d
017 _a2021/21170
_bمصر. دار الكتب
020 _a97897776926233
040 _aEG-CaGPL
_cEG-CaGPL
082 0 4 _221
_a729.19
_bأ ن
100 0 _aامين محمد امين ابو طربوش
245 1 2 _aالنقوش الكتابية الزنكية والايوبية على العمائر بسوريا :
_bدراسة اثارية مقارنة : 521 - 658 هـ / 1127 - 1259 م /
_cامين محمد امين ابو طربوش
250 _aط.1
260 _aالاسكندرية :
_bدار الوفاء لدنيا الطباعة و النشر،
_c2022.
300 _a496 ص. :
_bايض ؛
_c24 سم.
504 _aيشتمل على ارجاعات ببليوجرافية
650 _2qrmak
_aالنقوش الكتابية
_zسوريا
651 _2qrmak
_aالنقوش العربية
_zسوريا
653 0 _aالنقوش الكتابية الزنكية - سوريا
653 0 _aالنقوش الكتابية الايوبية - سوريا
942 _2ddc
_cBK
999 _c67043
_d67043